|
|
|
|
| LEADER |
00000nam a2200000 a 4500 |
| 001 |
vtls001129771 |
| 003 |
SK-MaSNL |
| 005 |
20260302064430.0 |
| 008 |
250414s1991 CS 0 cze |
| 035 |
|
|
|a SNK000072621
|
| 040 |
|
|
|a SNK
|b slo
|c SNK
|e AACR2
|
| 041 |
0 |
|
|a cze
|
| 044 |
|
|
|a [CS]
|
| 080 |
|
|
|a 885.0-821
|2 1981
|
| 080 |
|
|
|a 840-14=850
|2 1981
|
| 080 |
|
|
|a 929 Reynek, B.
|2 1981
|
| 100 |
1 |
|
|a Reynek, Bohuslav,
|d 1892-1971
|4 aut
|9 133944
|
| 245 |
1 |
0 |
|a Petrkov
|c Bohuslav Reynek
|
| 250 |
|
|
|a 1. vyd.
|
| 260 |
|
|
|a Havlíčkův Brod
|b Miroslav Zavřel
|c 1991
|
| 300 |
|
|
|a 63, [1]s.
|c 20 cm
|
| 852 |
|
|
|a Slovenská národná knižnica
|
| 999 |
|
|
|c 1137607
|d 1139537
|
| 952 |
|
|
|a SNK
|b SNK
|y VYP
|7 0
|p 17A0492724
|o snkID 92134
|i snkKIP 9103/91
|0 0
|1 0
|4 0
|d 2006-01-10
|l 0
|r 2026-02-24 19:24:46
|w 2026-02-24
|
| 952 |
|
|
|a SNK
|b SNK
|y VYP
|7 0
|p 17A1191094
|o snkID 92134 D1
|i snkKIP 9104/91
|0 0
|1 0
|4 0
|d 2019-11-22
|l 0
|r 2026-02-24 19:24:46
|w 2026-02-24
|